000
00336 a2200157 4500
001
71829
020
_a
8532250505
040
_c
Anchieta - Colégio São Paulo
100
_a
Braz, Júlio Emílio
240
1
0
_a
Cinderela
_l
por
245
1
0
_a
Cinderela
300
_a
34
362
0
_a
2003
650
4
_a
Literatura infantil
942
_c
BK
999
_c
71829
_d
71829